| 000 | 005590000a22001810004500 | ||
|---|---|---|---|
| 003 | MACL | ||
| 005 | 20160507160705.0 | ||
| 008 | 160507b xxu||||| |||| 00| 0 eng d | ||
| 040 |
_aMACL _cMACL |
||
| 041 | _aHindi | ||
| 082 | _a800 SHA | ||
| 100 |
_aसिंह, दूधनाथ _9201 |
||
| 245 |
_aएक शमशेर भी है _cदूधनाथ सिंह |
||
| 260 |
_aनई दिल्ली _bराजकमल प्रकाशन _c2012 |
||
| 350 | _a450 | ||
| 650 |
_aरचनावली _9163 |
||
| 942 |
_cHIN _k800 _2ddc |
||
| 999 |
_c47024 _d47024 |
||